000 00910nam1a22002891 4500
001 v19\rc\2001901
005 20251118181309.1
035 _a(NLR Aleph) 005077264
090 _a7158657
_c7158657
100 _a20080811d1915 u y0rusy50 ca
101 0 _arus
102 _aRU
105 _a z |||||
200 1 _aЭлементарные основания физики
_eКурс сред. шк. и для самообразования. Ч. 1-2
_fМ.В. Иванов
210 _aПетроград
_cТ-во О.Н. Поповой
_d1915
215 _a2 т.
_d24
700 1 _aИванов
_bМ.В.
_gМихаил Викторович
801 0 _aRU
_bNLR
_gpsbo
801 0 _aRU
_bRuMoRGB
_2psbo
801 1 _aRU
_bProSoft-M
_2rusmarc
852 _aNLR
_j37.71.2.10
852 _aNLR
_j133/5771
899 _aRuMoRGB
_jV 52/9
899 _aБАН
899 _aНБ СПбГУ
942 _cBOOK
980 _aNB